000
00302nam a2200121Ia 4500
008
190722s9999 xx 000 0 und d
020
_a
978-81-265-5897-1
100
_a
Wallace Wang
245
0
_a
MicroSoft Office 2016 for Dummies
260
_a
Delhi
_b
John Wiley
_c
2016
300
_a
454
942
_c
BK
999
_c
1159
_d
1159